Города Краснодарского края - Statistics

General Stats
  • This quiz has been taken 460 times
  • The average score is 12 of 26
Answer Stats
Hint Answer % Correct
1 121 291 Краснодар
99%
446 599 Сочи
94%
82 695 Анапа
83%
261 626 Новороссийск
78%
80 296 Геленджик
74%
60 707 Туапсе
70%
184 219 Армавир
60%
82 534 Ейск
57%
61 449 Славянск-на-Кубани
51%
40 994 Темрюк
41%
39 050 Усть-Лабинск
41%
56 128 Лабинск
40%
41 482 Горячий Ключ
40%
54 582 Тихорецк
39%
54 420 Крымск
39%
74 893 Кропоткин
37%
38 866 Абинск
31%
30 465 Приморско-Ахтарск
29%
41 391 Кореновск
27%
39 577 Апшеронск
26%
55 010 Белореченск
24%
33 487 Новокубанск
24%
21 829 Хадыженск
23%
46 393 Курганинск
22%
51 398 Тимашёвск
20%
33 175 Гулькевичи
20%
No matching quizzes found
Score Distribution
Percent of People with Each Score
Percentile by Number Answered
Your Score History
You have not taken this quiz